[Event "Nikolaev zt"]
[Site "Nikolaev"]
[Date "1993.??.??"]
[Round "?"]
[White "Frolov, Artur"]
[Black "Aleksandrov, Aleksej"]
[Result "1-0"]
[WhiteElo "2530"]
[BlackElo "2530"]
[Annotator "Chekhov,V"]
[PlyCount "105"]
[EventDate "1993.03.??"]
[EventType "swiss"]
[EventRounds "11"]
[EventCountry "RUS"]
[SourceTitle "CBM 035"]
[Source "ChessBase"]
[SourceDate "1993.08.01"]
[SourceVersion "1"]
[SourceVersionDate "1993.08.01"]
[SourceQuality "1"]

1. e4 {Ernst} e5 2. Nf3 Nc6 3. Bb5 Nf6 4. O-O Nxe4 5. d4 Nd6 6. Bxc6 dxc6 7.
dxe5 Nf5 8. Qxd8+ Kxd8 9. Nc3 Be6 (9... Ke8 10. Rd1 (10. h3 h6 11. b3 a5 $5 12.
Bb2 Bb4 13. Ne2 h5 $1 14. Nf4 a4 {Mainka-Dautov/Dortmund/1992/}) 10... a5 $146
(10... Be6 11. Ne2 Bd5 12. Ne1 h5 13. Nf4 Rd8 14. b3 Be7 15. Bb2 g5 16. Ne2 $14
{Anand-Salov/Reggio Emilia/1991/}) (10... h6 11. h3 Be7 12. Ne2 g5 13. b3 Be6
14. g4 Ng7 15. Ng3 c5 16. Ne4 Rd8 17. Ba3 $1 $16 {Yudasin-Rogers/Manila izt/
1990/}) 11. a4 h6 12. Ne2 Ne7 13. Ra3 $1 Nd5 14. Rad3 Bf5 15. R3d2 Bc5 16. Nfd4
Bh7 17. c3 Be7 18. g3 $14 {Frolov-Aleksandrov/Nikolaev m-2/1993/}) (9... h6 {
Ernst} 10. b3 $14) 10. Ng5 Bc4 (10... Ke7 $146 11. Rd1 h6 12. Nge4 Rd8 13. b3
Rxd1+ 14. Nxd1 Kd7 15. Bb2 c5 16. c4 Kc6 $10 {Timoshenko-Aleksandrov/Nikolaev/
1993/}) (10... Be7 {Ernst} 11. Nxe6+ fxe6 12. Ne4 Ke8 13. c3 Rd8 14. Bd2 Rd5
$15 {Hellers,F-Sherzer,A,New York 1993}) 11. Rd1+ (11. Re1 {Ernst} Ke8 12. Nce4
Bd5 $10 {Kruppa,Y-Aleksandrov,A,URS-chJ Kherson 1991}) 11... Kc8 $146 (11...
Ke8 12. b3 Bb4 13. Bb2 (13. bxc4 {Ernst} Bxc3 14. Rb1 b6 $10 {Jansa,
V-Keitlinghaus,L,Prague Chip 1992}) 13... Bxc3 14. Bxc3 Bd5 $10 {Ermenkov}) 12.
b3 Bb4 13. Bb2 Bxc3 14. Bxc3 Bd5 $10 15. f3 b6 16. Rd3 a5 17. a4 h6 18. Nh3 g5
19. Nf2 Be6 20. Rad1 c5 21. Bb2 c4 $2 (21... Ne7 {/\ Nc6,Kb7,Rad8=}) 22. bxc4
Bxc4 23. Rc3 Be6 24. Ba3 $1 Kb7 25. Ne4 Rad8 26. Rb1 $1 $16 {/\ 27.Nc5 Kc8 28.
Rb6! cb6 29.Ne6+-} Kb8 27. Kf2 Rhe8 28. g4 Nh4 (28... Nd4 29. Ke3 {/\ 30.Bc5})
29. Bd6 $1 cxd6 $8 30. Rxb6+ (30. Nxd6 {Ernst} Ka7 31. Rc7+ Ka6 32. Rb7 $2 Rxd6
$19) 30... Ka7 31. Rcc6 Re7 $2 (31... dxe5 32. Nd6 Rxd6 (32... Re7 33. Ra6+ Kb8
34. Rcb6+ Kc7 35. Rb7#) 33. Ra6+ Kb8 34. Rxd6 $16) (31... Rd7 {Ernst} 32. Nf6
$16) 32. exd6 Rb7 33. Ra6+ Kb8 34. Nc5 Rb2 35. Nd3 $1 Rb1 36. Rxa5 Bc8 (36...
Rc8 $5 37. Rxc8+ Bxc8 38. Nc5 Rd1 39. Rb5+ Ka8) 37. Nc5 Ng6 38. Nb3 $1 $18 Rd7
(38... Bb7 39. Rb6 {/\ Rab5,Nc5}) 39. Rb6+ Rb7 40. Rba6 R7xb3 $8 41. Ra8+ Kb7
42. cxb3 Rb2+ 43. Ke1 $1 (43. Kg3 $2 {Ernst} Nf4 $19) 43... Be6 44. R8a7+ Kc6
45. R5a6+ Kc5 46. d7 Bxd7 47. Rxd7 Rxb3 48. Ra8 Rxf3 49. Rc8+ Kb6 50. Rd5 Re3+
51. Kd2 Rh3 52. Rb5+ Ka6 $2 (52... Ka7 53. Rc7+ Ka6 54. Rxf7 $18) 53. Ra8# 1-0

[Event "Peristeri"]
[Site "Peristeri"]
[Date "1993.??.??"]
[Round "3"]
[White "Kotronias, Vasilios"]
[Black "Nikolaidis, Ioannis"]
[Result "1-0"]
[WhiteElo "2590"]
[BlackElo "2440"]
[Annotator "ChessBase"]
[PlyCount "131"]
[EventDate "1993.??.??"]
[EventType "tourn"]
[EventRounds "11"]
[EventCountry "GRE"]
[EventCategory "9"]
[SourceTitle "CBM 039 Extra"]
[Source "ChessBase"]
[SourceDate "1994.05.01"]
[SourceVersion "1"]
[SourceVersionDate "1994.05.01"]
[SourceQuality "1"]

1. e4 e5 2. Nf3 Nc6 3. Bb5 Nf6 4. O-O Nxe4 5. d4 Nd6 6. Bxc6 dxc6 7. dxe5 Nf5
8. Qxd8+ Kxd8 9. Rd1+ Ke8 10. Nc3 h6 11. h3 Be7 12. g4 Nh4 13. Nxh4 Bxh4 14.
Kg2 h5 15. f3 Be7 16. Ne2 a5 17. a4 hxg4 18. hxg4 f5 19. exf6 gxf6 20. Bf4 f5
21. g5 Rg8 22. Rg1 Kf7 23. Kf2 Be6 24. Rg2 Rg6 25. Rh1 Rag8 26. Rh7+ R8g7 27.
Rxg7+ Rxg7 28. Nc1 b5 29. b3 c5 30. axb5 c4 31. g6+ Kg8 32. Be5 Ba3 33. Bxg7
Kxg7 34. Ne2 cxb3 35. cxb3 Bxb3 36. Nf4 Be7 37. Nh5+ Kh6 38. g7 Bg8 39. Ng3
Bc5+ 40. Ke2 Bc4+ 41. Kd1 Bb3+ 42. Kd2 Bb4+ 43. Kd3 Kxg7 44. Nxf5+ Kf6 45. Nd4
Bd5 46. Nc2 Bc5 47. Ne3 Bb3 48. Ke4 a4 49. Nd5+ Kf7 50. Nxc7 a3 51. Na6 Be7 52.
b6 a2 53. Rxa2 Bxa2 54. Ke5 Bf6+ 55. Kd6 Be7+ $2 (55... Bd4 $142 56. Nc5 Be3
$10) 56. Kc6 Bc4 57. b7 Bxa6 58. b8=Q Bf1 59. Qe5 Bf6 60. Qe4 Kg7 61. Qg4+ Kf7
62. f4 Bc4 63. f5 Bb3 64. Kd7 Ba1 65. Qg6+ Kf8 66. f6 1-0

[Event "Bad Woerishofen op 13th"]
[Site "Bad Woerishofen"]
[Date "1997.??.??"]
[Round "5"]
[White "Mainka, Romuald"]
[Black "Dautov, Rustem"]
[Result "1/2-1/2"]
[WhiteElo "2480"]
[BlackElo "2590"]
[Annotator "ChessBase"]
[PlyCount "82"]
[EventDate "1997.03.07"]
[EventType "swiss"]
[EventRounds "9"]
[EventCountry "GER"]
[SourceTitle "EXT 2000"]
[Source "ChessBase"]
[SourceDate "1999.11.16"]
[SourceVersion "1"]
[SourceVersionDate "1999.11.16"]
[SourceQuality "1"]

1. e4 e5 2. Nf3 Nc6 3. Bb5 Nf6 4. O-O Nxe4 5. d4 Nd6 6. Bxc6 dxc6 7. dxe5 Nf5
8. Qxd8+ Kxd8 9. Nc3 Ke8 10. Rd1 Ne7 11. Nd4 a6 12. Ne4 h6 13. h3 b6 14. c4 Nf5
15. Ne2 Be7 16. b3 a5 17. Kh2 h5 18. Bg5 a4 $2 (18... Be6 {Dautov}) 19. N2c3
Ra5 20. f4 Be6 21. Nxa4 Bxc4 22. Nxb6 Bxb3 23. axb3 cxb6 24. Rac1 Bxg5 25. Nxg5
Rh6 26. Rd3 c5 27. b4 Ra8 28. bxc5 Rc6 29. Rb1 bxc5 30. Rb7 c4 31. Rdd7 c3 32.
Rxf7 Nh6 33. Rfe7+ Kd8 34. Ne6+ $4 $138 (34. Rbd7+ Kc8 35. e6 Kb8 $8 36. Rd8+
Rc8 37. Rxc8+ Kxc8 38. Re8+ Kb7 39. Rxa8 Kxa8 40. e7 $18) (34. e6 $18) (34.
Rxg7 c2 35. Nf7+ $1 Kc8 (35... Nxf7 36. Rg8#) (35... Ke8 36. Nxh6 $1) 36. Nd6+
$1 Rxd6 (36... Kd8 37. Rgd7#) 37. Rbc7+ $18) 34... Rxe6 $1 35. Rxe6 c2 36. Rc6
Rc8 37. Rxc2 Rxc2 38. Rxg7 Nf5 39. Rg5 Ne3 40. Kg3 Rxg2+ 41. Kh4 Rf2 1/2-1/2

[Event "FRG-ch 20th"]
[Site "Bad Neuenahr"]
[Date "1989.??.??"]
[Round "?"]
[White "Mainka, Romuald"]
[Black "Hort, Vlastimil"]
[Result "0-1"]
[WhiteElo "2410"]
[BlackElo "2580"]
[Annotator "ChessBase"]
[PlyCount "56"]
[EventDate "1989.??.??"]
[EventType "tourn"]
[EventRounds "15"]
[EventCountry "GER"]
[EventCategory "6"]
[SourceTitle "CBM 015"]
[Source "ChessBase"]
[SourceDate "1990.04.01"]
[SourceVersion "1"]
[SourceVersionDate "1990.04.01"]
[SourceQuality "1"]

1. e4 e5 2. Nf3 Nc6 3. Bb5 Nf6 4. O-O Nxe4 5. d4 Nd6 6. Bxc6 dxc6 7. dxe5 Nf5
8. Qxd8+ Kxd8 9. b3 h6 10. Bb2 Be6 11. c4 a5 12. Nc3 Bb4 13. Ne4 a4 14. h3 a3
15. Rad1+ Kc8 16. Bc1 Ra5 $1 17. Rd3 Rd8 18. Rfd1 Rxd3 19. Rxd3 Ne7 20. Bd2
Bxd2 21. Nexd2 c5 $1 22. g4 (22. Nb1 Bf5 23. Rd1 Bxb1 24. Rxb1 Nc6 25. Rd1 Nb4
26. Rd2 $16) 22... Nc6 23. Ne4 b5 $1 (23... Nb4 24. Rd2 $14) 24. cxb5 (24. Nxc5
$2 bxc4 25. Nxe6 cxd3 26. Nxg7 Nxe5 $19) 24... Nb4 25. Rd2 Bd5 $1 26. Rxd5 (26.
Re2 Bxe4 27. Rxe4 Nxa2 $19) 26... Nxd5 27. Nfd2 Rxb5 28. Nc4 $2 Rxb3 $1 0-1

[Event "Match/3 City Moscow Belgrade Prague"]
[Site "Moscow"]
[Date "1978.09.??"]
[Round "?"]
[White "Petrosian, Tigran V"]
[Black "Ivkov, Borislav"]
[Result "1-0"]
[WhiteElo "2620"]
[BlackElo "2515"]
[Annotator "ChessBase"]
[PlyCount "61"]
[EventDate "1978.09.??"]
[EventType "team-match"]
[EventRounds "3"]
[EventCountry "RUS"]
[SourceTitle "EXT 2002"]
[Source "ChessBase"]
[SourceDate "2001.11.25"]
[SourceVersion "1"]
[SourceVersionDate "2001.11.25"]
[SourceQuality "1"]

1. e4 {1)Shekhtman,E: The Games of T.Petrosian. vol.2, p.341} e5 2. Nf3 Nc6 3.
Bb5 Nf6 4. O-O Nxe4 5. d4 Be7 6. Qe2 Nd6 7. Bxc6 bxc6 8. dxe5 Nb7 9. c4 (9. Nc3
) (9. Nd4) 9... O-O 10. Nc3 Nc5 11. Be3 Ne6 12. Rad1 f6 13. Nd4 Nxd4 14. Bxd4
fxe5 15. Qxe5 Rf7 16. Qe4 Qe8 17. Rfe1 d6 18. c5 Bf5 19. Qe2 Qf8 20. f3 $14 (
20. Qa6 $5 $14 {[%csl Rc6]}) 20... dxc5 21. Be5 Bd6 22. Qa6 Bd7 23. Bg3 Re7 24.
Rxe7 Qxe7 {[#]} 25. Ne4 Bxg3 26. hxg3 $14 Bf5 27. Nf2 Qf6 28. b3 h6 29. Qc4+
Be6 30. Qxc5 Bd5 $2 $138 31. Rxd5 1-0

[Event "Paris FIDE GP"]
[Site "Elancourt"]
[Date "2013.10.04"]
[Round "11"]
[White "Giri, Anish"]
[Black "Nakamura, Hikaru"]
[Result "1/2-1/2"]
[WhiteElo "2737"]
[BlackElo "2772"]
[Annotator "ChessBase Website"]
[PlyCount "78"]
[EventDate "2013.09.22"]
[EventType "tourn"]
[EventRounds "11"]
[EventCountry "FRA"]
[EventCategory "20"]
[SourceTitle "CBM 157"]
[Source "ChessBase"]
[SourceDate "2013.11.12"]
[SourceVersion "1"]
[SourceVersionDate "2013.11.12"]
[SourceQuality "1"]
[TimeControl "40/7200:20/3600:900+30"]
[WhiteClock "2:00:00"]
[BlackClock "2:00:00"]

1. e4 {[%emt 0:00:05]} e5 {[%emt 0:00:39]} 2. Nf3 {[%emt 0:00:06]} Nc6 {
[%emt 0:00:05]} 3. Bb5 {[%emt 0:00:08]} Nf6 {[%emt 0:00:05]} 4. O-O Nxe4 {
[%emt 0:00:19]} 5. d4 {[%emt 0:01:30]} Nd6 {[%emt 0:00:16]} 6. Bxc6 {[%emt 0:
00:05]} dxc6 {[%emt 0:00:06]} 7. dxe5 {[%emt 0:00:04]} Nf5 {[%emt 0:00:06]} 8.
Qxd8+ {[%emt 0:00:02]} Kxd8 {[%emt 0:00:07]} 9. h3 {[%emt 0:00:01]} Bd7 {
[%emt 0:00:08]} 10. Rd1 {[%emt 0:00:16]} Kc8 {[%emt 0:00:06]} 11. g4 {[%emt 0:
02:19]} Ne7 {[%emt 0:00:25]} 12. Ng5 {[%emt 0:00:07]} Be8 {[%emt 0:00:04]} 13.
f4 {[%emt 0:01:10]} h5 {[%emt 0:00:49]} (13... b6 $5 {has been played by
Harikrishna.}) 14. Kf2 $146 {[%emt 0:00:57]} b6 {[%emt 0:02:52]} 15. f5 {
[%emt 0:04:10]} Kb7 {[%emt 0:03:28]} 16. c4 {[%emt 0:00:19]} c5 {[%emt 0:05:32]
} 17. Bf4 {[%emt 0:00:11]} Nc6 {[%emt 0:01:28]} 18. Nc3 {[%emt 0:05:30]} g6 {
[%emt 0:39:37]} 19. e6 {[%emt 0:05:53]} fxe6 20. Nxe6 {[%emt 0:10:34]} hxg4 $1
{[%emt 0:08:32] A very nice defensive move.'} (20... Rc8 {Romain Edouard} 21.
g5 gxf5 22. Nb5 Bf7 23. Nbxc7 Nd4 24. Nxf8 Rhxf8 25. Nb5 $16) 21. Nxc7 {
[%emt 0:03:01]} Bh6 $1 {[%emt 0:12:36]} 22. Bxh6 {[%emt 0:16:59]} (22. Bg3 $6
gxf5 $1 {is dubious for White will after}) (22. Bh2 $6 Be3+ $1 23. Kxe3 Rxh3+ {
Black is also alright, especially since} 24. Ke4 {is met by} gxf5+ 25. Kxf5
Nd4+ $1 $15) 22... Kxc7 {[%emt 0:00:57]} 23. Bf4+ {[%emt 0:03:58]} Kb7 {
[%emt 0:00:10]} 24. hxg4 {[%emt 0:08:00]} gxf5 {[%emt 0:00:13]} 25. g5 {
[%emt 0:06:43]} Rh4 $1 {[%emt 0:08:37] White seemed to be better, but actually
this move just draws by force.'} 26. Ne2 {[%emt 0:10:31]} Bh5 {[%emt 0:01:57]}
27. Rh1 {[%emt 0:03:03]} Rxh1 {[%emt 0:00:08]} 28. Rxh1 {[%emt 0:00:01]} Bxe2 {
[%emt 0:00:13]} 29. Kxe2 {[%emt 0:00:57]} Nd4+ {[%emt 0:00:06]} 30. Kd3 {
[%emt 0:07:03]} (30. Kf2 Ne6 31. Kf3 Rg8 {is a draw: White cannot breakthrough.
}) (30. Ke3 {seemed to me like the only chance, but is also a draw:} Re8+ 31.
Kf2 Re2+ (31... Ne6 $2 32. Re1 $16) 32. Kf1 (32. Kg3 Re4 $11) 32... Re4 (32...
Rxb2 $2 33. Rh7+ $16) 33. Rh4 (33. Rh7+ Ka6 34. Bb8 Nc6 35. Bd6 Rg4 $11) 33...
Nf3 34. Rh7+ Kc8 $1 (34... Ka6 $2 35. Bb8 $16) 35. g6 (35. Bc1 Rg4 $11) 35...
Rxf4 36. g7 Ne5+ $1 37. Kg2 Rg4+ 38. Kh3 Nxc4 $11) 30... Ne6 {[%emt 0:00:29]}
31. Rf1 {[%emt 0:01:20]} Rd8+ {[%emt 0:02:49]} 32. Kc3 {[%emt 0:01:13]} Rg8 {
[%emt 0:00:37]} 33. Be3 {[%emt 0:01:56]} f4 {[%emt 0:00:32]} 34. Bxf4 {[%emt 0:
00:05]} Nxf4 {[%emt 0:00:10]} 35. Rxf4 {[%emt 0:00:04]} Rxg5 {[%emt 0:00:05]}
36. Rf7+ {[%emt 0:00:03]} Kb8 {[%emt 0:00:03]} 37. Rf8+ {[%emt 0:00:02]} Kb7 {
[%emt 0:00:04]} 38. Rf7+ {[%emt 0:00:02]} Kb8 {[%emt 0:00:06]} 39. Rf8+ {
[%emt 0:00:02]} Kb7 {[%emt 0:00:04]} 1/2-1/2

[Event "Paris FIDE GP"]
[Site "Elancourt"]
[Date "2013.10.02"]
[Round "9"]
[White "Dominguez Perez, Leinier"]
[Black "Fressinet, Laurent"]
[Result "1/2-1/2"]
[WhiteElo "2757"]
[BlackElo "2708"]
[Annotator "ChessBase Website"]
[PlyCount "69"]
[EventDate "2013.09.22"]
[EventType "tourn"]
[EventRounds "11"]
[EventCountry "FRA"]
[EventCategory "20"]
[SourceTitle "CBM 157"]
[Source "ChessBase"]
[SourceDate "2013.11.12"]
[SourceVersion "1"]
[SourceVersionDate "2013.11.12"]
[SourceQuality "1"]
[TimeControl "40/7200:20/3600:900+30"]
[WhiteClock "2:00:00"]
[BlackClock "2:00:00"]

1. e4 {[%emt 0:00:04]} e5 {[%emt 0:00:04]} 2. Nf3 {[%emt 0:00:08]} Nc6 {
[%emt 0:00:04]} 3. Bb5 {[%emt 0:00:06]} Nf6 {[%emt 0:00:05]} 4. O-O {[%emt 0:
00:37]} Nxe4 {[%emt 0:00:38]} 5. d4 {[%emt 0:00:05]} Nd6 {[%emt 0:00:04]} 6.
Bxc6 {[%emt 0:00:05]} dxc6 {[%emt 0:00:03]} 7. dxe5 {[%emt 0:00:07]} Nf5 {
[%emt 0:00:03]} 8. Qxd8+ {[%emt 0:00:09]} Kxd8 {[%emt 0:00:04]} 9. h3 {[%emt 0:
03:48]} Bd7 {[%emt 0:00:31]} 10. Rd1 {[%emt 0:01:59]} Ke8 {[%emt 0:00:28]} 11.
Nc3 {[%emt 0:02:43]} h6 {[%emt 0:00:29]} 12. Bf4 {[%emt 0:01:43]} Rd8 {[%emt 0:
00:48]} 13. g4 {[%emt 0:01:12]} Ne7 {[%emt 0:00:08]} 14. Nd4 $146 {[%emt 0:00:
20]} (14. Kh2 Be6 15. Nd4 Nd5 16. Nxe6 fxe6 17. Nxd5 cxd5 {1/2-1/2 (17) Joecks,
C (2310)-Fischer Bad Orb 1989}) 14... Ng6 {[%emt 0:05:15]} 15. Bg3 {[%emt 0:01:
46]} h5 {[%emt 0:00:23]} 16. f3 {[%emt 0:00:29]} Bc5 {[%emt 0:25:55]} 17. Ne4 {
[%emt 0:00:24]} Bxd4+ {[%emt 0:07:40]} 18. Rxd4 {[%emt 0:00:04]} hxg4 {[%emt 0:
06:12]} 19. hxg4 {[%emt 0:02:04]} Ke7 {[%emt 0:02:45]} 20. Kf2 {[%emt 0:31:01]}
b6 {[%emt 0:13:58]} 21. Ra4 {[%emt 0:09:45]} Ra8 {[%emt 0:00:26]} 22. e6 {
[%emt 0:01:57]} fxe6 {[%emt 0:05:02]} 23. Ng5 {[%emt 0:16:20] The Frenchman
chose the ultra-solid Berlin defense. Dominguez tried the most typical
approach: go for the endgame and try to outplay Black in that position. His
only chance to obtain something in the position was to take on c7 on move 23,
but even then it seems that Black's position was solid enough and it would
have been hard to break through. Instead of that the inaccurate 23.Ng5
basically forced a draw as Black had no choice but to push e5 and then was
forced to defend it, creating a repetition.} e5 {[%emt 0:07:20]} 24. Re1 {
[%emt 0:01:03]} Kf6 {[%emt 0:00:39]} 25. Ne4+ {[%emt 0:00:46]} Kf7 {[%emt 0:01:
10]} 26. Ng5+ {[%emt 0:08:49]} Kf6 {[%emt 0:00:10]} 27. Ne4+ {[%emt 0:00:07]}
Kf7 {[%emt 0:00:04]} 28. Ra3 {[%emt 0:01:25]} c5 {[%emt 0:02:54]} 29. Ng5+ {
[%emt 0:01:57]} Kf6 {[%emt 0:00:06]} 30. Ne4+ {[%emt 0:00:06]} Kf7 {[%emt 0:00:
07]} 31. Rae3 {[%emt 0:01:28]} Rae8 {[%emt 0:04:35]} 32. Ng5+ {[%emt 0:02:06]}
Kf6 {[%emt 0:00:04]} 33. Ne4+ {[%emt 0:00:06]} Kf7 {[%emt 0:00:03]} 34. Ng5+ {
[%emt 0:12:08]} Kf6 {[%emt 0:00:18]} 35. Ne4+ {[%emt 0:00:05]} 1/2-1/2

[Event "Lisbon Masters"]
[Site "Lisbon"]
[Date "1996.??.??"]
[Round "7"]
[White "Rocha, Sergio MC"]
[Black "Galego, Luis"]
[Result "1-0"]
[WhiteElo "2370"]
[BlackElo "2445"]
[Annotator "Costa,L"]
[PlyCount "59"]
[EventDate "1996.??.??"]
[EventType "tourn"]
[EventRounds "9"]
[EventCountry "POR"]
[EventCategory "4"]
[SourceTitle "CBM 051 Extra"]
[Source "ChessBase"]
[SourceDate "1996.05.01"]
[SourceVersion "1"]
[SourceVersionDate "1996.05.01"]
[SourceQuality "1"]

1. e4 e5 2. Nf3 Nc6 3. Bb5 Nf6 4. O-O Nxe4 5. Qe2 Nd6 6. Bxc6 dxc6 7. Qxe5+ Qe7
8. Qa5 Be6 9. d3 Qd7 $146 (9... Nf5 10. Bf4 Qb4 (10... O-O-O $2 11. Qxa7 Qb4
12. Ne5 {1-0 Winawer,S-Schmid,C/DSB-2.Kongress Berlin (17) 1881}) 11. Qxb4 Bxb4
12. Bxc7 Bd5 13. Nbd2 Kd7 14. Be5 Rhe8 15. c3 $14 {Leonardo,J-Galego,L/POR-ch 
(04) 1993 /1-0 (92)}) 10. Nd4 Bd5 11. Re1+ Kd8 12. c4 c5 13. Nb3 b6 14. Qc3 Bb7
15. d4 (15. Bg5+ Kc8 $13) 15... Qg4 16. f3 cxd4 17. Nxd4 Qh4 18. Be3 Be7 $6 (
18... c5 $5 $13) 19. Na3 Re8 20. c5 bxc5 21. Qxc5 $14 a6 22. Rac1 Rc8 23. Red1
{[#]} g6 $6 (23... h6) 24. Nc4 $1 $16 Qf6 $2 25. Na5 (25. Nxd6 $1 Bxd6 (25...
cxd6 $4 26. Qb6+ Kd7 27. Qxb7+ Kd8 28. Qxc8#) 26. Bg5 Bxc5 (26... Kd7 27. Bxf6
Bxc5 28. Rxc5 {+-}) 27. Bxf6+ Kd7 28. Rxc5 {+-}) 25... Ba8 26. h4 Kd7 (26...
Qxh4 $5) 27. Nac6 Bxc6 28. Qxc6+ Kd8 29. Bg5 Qh8 $4 (29... Qe5 {+-}) 30. Ne6+ (
30. Ne6+ fxe6 31. Rxd6+ cxd6 32. Qxc8#) 1-0

[Event "FRA-chT Top 16 GpA"]
[Site "Noyon"]
[Date "2005.04.02"]
[Round "6"]
[White "Apicella, Manuel"]
[Black "Dautov, Rustem"]
[Result "0-1"]
[WhiteElo "2543"]
[BlackElo "2609"]
[Annotator "Dautov,R"]
[PlyCount "82"]
[EventDate "2005.03.31"]
[EventType "team"]
[EventRounds "7"]
[EventCountry "FRA"]
[SourceTitle "CBM 106"]
[Source "ChessBase"]
[SourceDate "2005.06.06"]
[SourceVersion "1"]
[SourceVersionDate "2005.06.06"]
[SourceQuality "1"]

1. e4 e5 2. Nf3 Nc6 3. Bb5 Nf6 4. O-O Nxe4 5. d4 Nd6 6. dxe5 Nxb5 7. a4 Nbd4 8.
Nxd4 Nxd4 9. Qxd4 d5 10. Nc3 {Wenn Weiß nur an Remis interessiert ist, ist 10.
exd6 für ihn die beste Wahl.} (10. exd6 Qxd6 11. Qe4+ Qe6 12. Qd4 Qd6 $11)
10... c6 11. Be3 $6 {Üblicherweise spielt Weiß hier 11.a5, um die Möglichkeit
Qd8-b6 auszuschalten.} (11. a5 Bf5 12. f4 Qd7 (12... Bxc2 13. f5 $44) 13. Rf2
Be7 14. Be3 O-O 15. Qa4 Rfd8 16. Rd2 Qe6 17. b4 f6 $132 {Polzin,R-Parker,J/
Rethymnon 2003}) 11... Bf5 12. f4 (12. Qd2 Bb4 $15) 12... Qb6 $1 {Nichts
sprach gegen 12...Qd7, aber der Textzug ist energischer. Das entstehende
Endspiel ist günstig für Schwarz, der das Läuferpaar besitzt.} (12... Qd7 $11)
13. Qxb6 (13. Qd2 Qxb2 (13... Bc5 14. Bxc5 Qxc5+ $11) 14. Rab1 Qxc2 15. Qxc2
Bxc2 16. Rxb7 d4 (16... a5 $5) 17. Bxd4 O-O-O 18. Rb2 Rxd4 19. Rxc2 Bc5 $11)
13... axb6 14. Bxb6 (14. Rfc1 Bc5 15. Bxc5 bxc5 $11) 14... Bxc2 15. f5 $6 {
Das war Apicellas Idee. Aber im Endspiel ist das zentrale weiße Bauernduo
längst nicht so gefährlich wie im Mittenspiel. Weiß sollte sich lieber auf
Blockade konzentrieren: 15.a5! mit der Idee Na4-c5.} (15. a5 Bf5 (15... f6 $5)
16. Na4 $11) 15... g6 $1 16. e6 (16. g4 $2 gxf5 17. gxf5 Rg8+ 18. Kh1 Rg5 $17)
16... fxe6 $1 {Der Freibauer auf e6 wird gleich empfindlich schwach. Dagegen
war 16...gxf5? weniger klar.} (16... gxf5 $2 17. Rf2 Bd3 18. Rd1 Bc4 19. Bd4
Rg8 20. exf7+ Kxf7 21. Rxf5+ Kg6 22. Rf6+ $36) 17. fxe6 Bf5 18. Rae1 (18. Ne2
Bd6 $1 (18... Bxe6 $2 19. Nd4 $36) 19. Nd4 Rf8 20. Nxf5 Rxf5 21. Rxf5 gxf5 22.
a5 Ke7 $17) (18. Bd4 Rg8 19. Rae1 h5 $1 $17) 18... h5 $1 {Sichert die Position
des Bf5 gegen das drohende g2-g4. Moglicherweise hat Weiß diesen ruhigen Zug
übersehen.} (18... Bd6 $2 19. g4 $1 Bxg4 20. Rf7 Be7 21. Bd4 Bxe6 22. Rg7 $1 (
22. Rf2 Kd7 23. Rfe2 Bh4 24. Rxe6 Bxe1 25. Rxe1 Rae8 26. Rd1 $15) 22... Kd7 23.
Bf6 Rhe8 24. b4 $11) 19. a5 {Es gibt für den Anziehenden kein Durchkommen, und
Schwarz kann seine Entwicklung beenden.} (19. Ne2 Rxa4 20. Nd4 Rb4 21. Nxf5
gxf5 $19) (19. Bd4 Rh7 $17) 19... Bb4 20. Kh1 O-O $1 {Die Rochade kommt etwas
spät, dafür mit großem Effekt. Weiß kann nun den Bauern e6 nicht halten.} (
20... Bxa5 $2 21. Ra1) 21. Rf4 Bd6 22. Rf2 Rae8 $19 23. Rfe2 Bg4 24. Re3 Bf4
25. e7 Rf7 26. h3 Bxe3 27. Rxe3 Bf5 28. Bc5 d4 29. Bxd4 Rexe7 {Schwarz hat
eine Qualität gewonnen, der Rest ist einfach.} 30. Rxe7 Rxe7 31. Kg1 Re1+ 32.
Kf2 Rc1 33. b4 Rc2+ 34. Kf3 Rb2 35. Kf4 Rxg2 36. h4 Rg4+ 37. Ke5 Rxh4 38. Bc5
Bd3 39. Kd6 Rf4 40. Kc7 Rf7+ 41. Kb6 h4 0-1